000 00348nam a2200145Ia 4500
005 20251221000919.0
008 251220s1990||||xx |||||||||||||| ||spa||
082 _a364.154.098/G23
100 _aGarcía Márquez, Gabriel
245 0 _a Noticia de un Secuestro
250 _a1ra.ed.
264 _bEBD Editores,S.A.
942 _cLIB
942 _cP01
999 _c403
_d403